Optimalizácia chodu vznetového motora
Na minha lista:
| Autor principal: | |
|---|---|
| Outros Autores: | |
| Formato: | Manuscrito Livro |
| Idioma: | eslovaco |
| Publicado em: |
2016
|
| Assuntos: | |
| Acesso em linha: | http://is.stuba.sk/zp/portal_zp.pl?podrobnosti=130158 |
| Tags: |
Sem tags, seja o primeiro a adicionar uma tag!
|
MARC
| LEADER | 00000ntm a22000003a 4500 | ||
|---|---|---|---|
| 001 | stuzp55814 | ||
| 003 | SK-STU | ||
| 005 | 20160719154826.7 | ||
| 007 | ta | ||
| 008 | 150427s2015----xo-----f-mn---000-0-slo-d | ||
| 040 | |a STU |b slo | ||
| 041 | 0 | |a slo | |
| 044 | |a xo | ||
| 100 | 1 | |a Rehák, Martin |u 030400 |4 aut |U FEI Fakulta elektrotechniky a informatiky |T FEI Ústav automobilovej mechatroniky |X 72711 |U E400 |Y 642 |7 72711 | |
| 242 | 0 | 1 | |a Optimization of the diesel engine running |y eng |
| 245 | 1 | 0 | |a Optimalizácia chodu vznetového motora |
| 260 | |c 2016 | ||
| 300 | |a 62 s. | ||
| 650 | 4 | |a riadiaca jednotka |2 slo | |
| 650 | 4 | |a zvyšovanie výkonu |2 slo | |
| 650 | 4 | |a Common Rail |2 slo | |
| 650 | 4 | |a control unit |2 eng | |
| 650 | 4 | |a Common Rail |2 eng | |
| 650 | 4 | |a increasing of engine power |2 eng | |
| 700 | 1 | |a Bucz, Štefan |4 ths |X 17719 |7 A000017719 | |
| 856 | 4 | |u http://is.stuba.sk/zp/portal_zp.pl?podrobnosti=130158 | |
| 996 | |b 284ER01985 |c E*Bc- 1985 |l EE33 |s P |a 0 |w stuzp55814_0001 | ||
| SQL | |a stuzp55814 |b DBP |c SLO |d Optimalizácia chodu vznetového motora |e 72711 |f Rehák, Martin |g 030400 |h 17719 |i Bucz, Štefan |j 20160707 |k 75 |l 03 |m http://is.stuba.sk/zp/portal_zp.pl?podrobnosti=130158 |n B-ELN |o 5.2.13. elektronika | ||